| 000 | 00765nam a2200253 a 4500 | ||
|---|---|---|---|
| 001 | 76934 | ||
| 003 | BD-RjUL | ||
| 005 | 20211209082915.0 | ||
| 008 | 200206m1966 enkabeh b 000 0 eng d | ||
| 035 | _a(BD-RjUL)77158 | ||
| 040 |
_aBD-RjUL _beng _cBD-RjUL |
||
| 041 | _aeng | ||
| 082 |
_219 _a709.54 _bBAE 1966 |
||
| 100 | 1 |
_aBalasubrahmanyam, S. R. _9115964 |
|
| 245 | 1 | 0 |
_aEarly Chola art / _cS.R. Balasubrahmanyam. |
| 260 |
_aLondon : _bAsia Publishing House, _c1966- |
||
| 300 |
_av. : _bill. ; _c26 cm. |
||
| 504 | _aIncludes bibliographical references. | ||
| 650 | 0 |
_aHindu temples _zIndia. _9238973 |
|
| 650 | 0 |
_aChola (Indic people) _9238974 |
|
| 942 |
_2ddc _cBK |
||
| 999 |
_c76934 _d76934 |
||